Регионална библиотека "Любен Каравелов" - Русе

Ще ида с Ванеса (Запис номер 472958)

MARC детайли
000 -Лидер
Контролно поле с фиксирана дължина 01458nam a2200289 a 4500
003 - Код на организацията, давaща контролен номер
Контролно поле BLK
005 - Дата и час на последна редакция
Контролно поле 20250103162652.0
008 - Елементи от данни с фиксирана дължина
fixed length control field 220909b bu |||||r|||| 00| | bu d
020 ## - Международен стандартен номер на книга ISBN
Международен стандартен номер на книга ISBN 9786199175125
040 ## - Източник на каталожния запис
Идентификатор на билиотеката - собственик на записа BLK
041 ## - Код за език
Код за езика на текст/звукозапис или на отделно заглавие Български
Код за езика КДБФ Български
080 ## - УДК
Текстов определител УДК Издания за деца и юноши. Книжки-картинки. Читанки. Вж и 372.4
УДК код - определител по УДК 087.5
УДК - код + определител 087.5
100 ## - Редна дума - Автор
Автор Кераскоет
Авторска отговорност първи автор
R(LIN) 467872
139 ## - Редно поле
Редна дума Кераскоет
Авторски знак Кер - К 52
245 10 - Сведения за заглавието
Заглавие Ще ида с Ванеса
Подзаглавни данни разказ за една малка добрина
Редно поле (дума) Кераскоет ; прев. от англ. Александър Маринов
260 ## - Област на издателските данни
Място на издаване, разпространение и проч. София
Име на издателя, разпространителя и проч. Дакелче
Година на издаване 2021
9 (RLIN) 392710
300 ## - Физическа характеристика
Страници [38] с. : цв. ил.
Размери/Мащаб 29 см
380 ## - Жанр
Жанр Детска отраслова лит.
500 ## - Общи забележки
Забележка Ориг. загл.: I walk with Vanessa / Kerascoet. - Кераскоет - колективен псевд. на худож. Себастиан Косе и Мари Помпюи. - Биогр. данни за худож.
653 #7 - Ключова дума – ненормативна
Ключова дума книжки-картинки
9 (RLIN) 188752
700 ## - Други автори (авторска отговорност)
Лично име Маринов, Александър Валентинов
Дати, свързани с автора 1979-
Друга информация Преводач от/на английски език
Пълна форма на името Александър Маринов-Санчо
9 (RLIN) 382244
852 ## - Местоположение
Форматна сигнатура Цб ІІ 31100
Фондова буква Хранилище
856 ## - Електронен адрес и достъп
Инструкция (цена за достъп) 0.00
Права за достъп disable
999 ## - СИСТЕМНИ КОНТРОЛНИ НОМЕРА
Koha biblionumber 472958
Koha biblioitemnumber 472958
942 ## - АРТИКУЛИ
Вид на библиотечния материал Книги
Скрит в OPAC Не
Koha issues (borrowed), all copies 19
Периодичен библиозапис Да
944 ## - СЪЗДАВАНЕ И РЕДАКЦИЯ на ЗАПИСА
Създаване/Редакция Създаване
Дата на регистрацията/редакция 2022-09-09
Служител, извършил регистрацията/редакцията 30551
Статус, дата на статуса Бояна Костадинова
999 ## - СИСТЕМНИ КОНТРОЛНИ НОМЕРА
Koha biblioitemnumber 472958
Наличности
Код за отписване Код за изгубен артикул Източник на класификационната схема Код за повреда Коз за рестрикции Код за отдаване Артикулен № Име на библиотеката - собственик Име на библиотеката, в която се намира в момента Статус (Текущо местоположение) Дата на вписване в системата Местоположение - отдел Цена в лева Систематично азбучна сигнатура Баркод Цена в евро Служебен тип на артикула Инвентарен номер
  Не е изгубен Universal Decimal Classification Не е повреден само за читалня ползва се в читалня 903963 Регионална библиотека "Любен Каравелов" Русе Регионална библиотека "Любен Каравелов" Русе Хранилище 2022-09-13 Хранилище 24.00 Цб ІІ 31100 120000876565 12.27 Книги  
  Не е изгубен Universal Decimal Classification Не е повреден без рестрикции заемане за дома 926472 Регионална библиотека "Любен Каравелов" Русе Регионална библиотека "Любен Каравелов" Русе Детски отдел 2023-04-03 Детски отдел 18.00 087.5/К 52 120000885744 9.20 Книги 120000885744
Vip Innovations Ltd, Rousse, Bulgaria 2025